LEADER 01231nam a2200289 i 4500 001 000000034105 003 CaOOAMICUS 005 20070606000000.0 008 070606s1980 it u000 u ita u 013 $a260 040 $aSeMil$bita 100 1 $aHolmes, George.$0(OLS)http://semarc/name/15551 240 10$aDante.$0(OLS)http://semarc/title/38460 245 10$aDante /$cdi George Holmes ; Traduzione dall'inglese di Anna Colombo. 260 $aMilano :$bDall'Oglio,$ccopyr. 1980. 300 $a139 p. ;$c18 cm. 490 0 $aI corvi : collana universale moderna ;$v202 600 14$aAlighieri, Dante <1265-1321>.$0(OLS)http://semarc/subject/2905 650 4$aLetteratura italiana - Storia - Sec. 13.$0(OLS)http://semarc/subject/433 650 4$aLetteratura italiana - Storia - Sec. 14.$0(OLS)http://semarc/subject/434 700 1 $aColombo, Anna.$0(OLS)http://semarc/name/15552 830 2$aI corvi ;$v202.$0(OLS)http://semarc/title/12990 850 $aSeMil 852 $aSeMil$W1$xVenegono$y1$m1D IV 90$j260$B260$CSeMilBibl$Z2$F260 $81 961 $aOmaggio: Poma mons. Gianfranco 996 $6245$aDante$9(OLS)http://semarc/title/38461 996 $6260$aMilano :$bDall'Oglio$9(OLS)http://semarc/publisher/30217 LEADER 01143nam a2200253 i 4500 001 000000058073 003 CaOOAMICUS 005 20230428143435.0 008 130325s1781 it u000 u lat u 013 $a29245 026 $a1817 3736 .)am bati (3) 1781 (R) 040 $aSeMil$bita 100 1 $aLakitz, Gyorgy Zsigmond,$d<1739-1819>.$0(OLS)http://semarc/name/29587 245 10$aPraecognita juris ecclesiastici universi opera Georgii Sigismundi Lackics. 264 1$aVenetiis :$bApud Franciscum ex Nicolao Pezzana,$c1781. 300 $a[12], 358, [2] p. ;$c12°. 500 $aSegn.: *6 A-P12 650 4$aDiritto ecclesiastico.$0(OLS)http://semarc/subject/933 700 1 $aPezzana, Francesco,$c.$0(OLS)http://semarc/name/13733 850 $aSeMil 852 $aSeMil$W1$xVenegono$y1$m2J I 41 FA$j24226$qLegato con 2J-I-42 FA$B24226$CSeMilBibl$Z2$F24229 $8I 996 $6245$aPraecognita juris ecclesiastici universi opera Georgii Sigismundi Lackics$9(OLS)http://semarc/title/90453 996 $6264$aVenetiis :$bApud Franciscum ex Nicolao Pezzana$9(OLS)http://semarc/publisher/41872